| 000 | 00724nam a2200289Ia 4500 | ||
|---|---|---|---|
| 001 | 2420 | ||
| 003 | IT-RoPAU | ||
| 008 | 130308s9999 xx 000 0 und d | ||
| 040 | _aIT-RoPAU | ||
| 040 | _cIT-RoPAU | ||
| 041 | _aITALIANO | ||
| 100 | _aVojislav Nanovic | ||
| 100 | _gCodice Aut. SPICS: 597 | ||
| 245 | _aAvevo diciotto anni | ||
| 245 | _bCinema e Resistenza | ||
| 250 | _a1a ed. | ||
| 260 | _aFIRENZE | ||
| 260 | _bLandi Luciano | ||
| 260 | _c1959 [1° Ed.:1959 - Ed.Ling.Originale:1959] | ||
| 300 | _a"3 p. (prefazione: no ; testo: 3 [pagine: 300-302])" | ||
| 650 | _aSAGGI SUL CINEMA | ||
| 650 | _eCodice materia Spics: 6811 | ||
| 942 | _cBK | ||
| 957 | _71 | ||
| 999 |
_c54937 _d54937 |
||
| 999 | _bSI | ||
| 999 | _g1 | ||